|
|
|
|
| LEADER |
00000nam a22000007a 4500 |
| 003 |
CL-VaPUC |
| 005 |
20220822114436.0 |
| 008 |
220318t2010 ||||| |||| 00| 0 eng d |
| 999 |
|
|
|c 434940
|d 434938
|
| 020 |
|
|
|a 978-88-13-30956-5
|
| 040 |
|
|
|c Pontificia Universidad Católica de Valparaíso
|
| 082 |
|
7 |
|a 340.54 COR 2010
|2 22
|
| 100 |
|
|
|a Corbino, Alessandro
|9 441968
|e autore
|
| 245 |
|
|
|a Diritto privato romano.
|b Contesti. Fondamenti. Discipline.
|
| 260 |
|
|
|a Padova, Italia:
|b CEDAM,
|c 2010.
|
| 300 |
|
|
|a XX, 502 páginas.
|
| 500 |
|
|
|a c.1 Donación Familia Prof. Alejandro Guzmán Brito.
|
| 505 |
|
|
|a Índice: - Parte Prima: Dalla cittá sul tevere all'impero universale. - Parte Seconda: La culture giuridica romana. - Parte Terza: Il diritto privato.
|
| 583 |
|
|
|c 20220318
|k Yessy Stephany Diaz Vidal
|
| 650 |
|
|
|a Derecho romano
|9 255930
|
| 650 |
|
|
|a Derecho privado
|9 258243
|
| 942 |
|
|
|2 ddc
|c BK
|n 0
|
| 952 |
|
|
|0 0
|1 0
|2 ddc
|4 0
|6 340_540000000000000_COR_2010
|7 1
|8 C_AGB
|9 581941
|a BIBDER
|b BIBDER
|d 2022-03-18
|e Donación
|i 5650228
|o 340.54 COR 2010
|p 5650228
|r 2023-01-25
|t 1
|w 2022-03-18
|y BK_US
|k AGB
|